000 01084cab a2200277 4500
001 X87384
008 090401t1997 xxu||||| |||| 00| 0 eng d
035 _a(Sirsi) u81786
041 _aeng
100 _aImrie, R.
245 _aChallenging disabled access in the built environment: an evaluation of evidence from the United Kingdom
260 _c1997
350 _a0
490 _aTown Planning Review
_v68(4) October 1997, 423-448(26)
520 _aA paper based on a postal survey which assesses local authority planning policies and practices when it comes to facilitating disabled people`s access to the built environment.
650 _aMANAGEMENT-BUSINESS MANAGEMENT-DISCRIMINATION-DISABILITY DISCRIMINATION-ACCESSIBILITY
650 _aBUILT ENVIRONMENT
650 _aMANAGEMENT-BUSINESS MANAGEMENT-DISCRIMINATION-DISABILITY DISCRIMINATION-ACCESSIBILITY
650 _aDISABLED PEOPLE
650 _aLOCAL AUTHORITIES
650 _aPLANNING POLICY
650 _aSURVEY
690 _aBUILT ENVIRONMENT-CONSTRUCTION DESIGN
942 _n0
948 _c30/10/1997
999 _c51565
_d51565